| 000 | 00539nam a2200169 i 4500 | ||
|---|---|---|---|
| 001 | 108558 | ||
| 003 | ES-MaACL | ||
| 005 | 20230906184649.0 | ||
| 007 | t| | ||
| 008 | 061121s1923 fr r ||||1| fre d | ||
| 100 | 1 |
_aMontesquiou, Robert de. _982610 |
|
| 245 | 1 | 4 |
_aLes pas effacés / _cRobert de Montesquiou ; memories publies par Paul-Louis Couchoud. |
| 260 |
_a[Orleans : _bEmil-Paul], _c1923. |
||
| 300 |
_a3 v. (356, 303, 302 p.) ; _c19 cm. |
||
| 700 | 1 |
_aCouchoud, Paul-Louis ( _d1879-1959) _9163722 |
|
| 852 |
_aES-MaACL _jF-2337-39 |
||
| 999 |
_c108558 _d108558 |
||